000 00729nam a2200241 i 4500
003 DO-SdBNP
005 20230711151046.0
007 ta
008 230711b1990 dr ||||| |||| 00| 0 spa d
020 _a9977250057
040 _aDO-SdBNP
_bspa
_cBNPHU
_erda
082 4 _222
100 _aCastellanos Estrella, Víctor José,
_911866
_eautor
245 1 0 _aManual para jueces de paz /
_cVíctor José Castellanos Estrella
264 1 _aSanto Domingo :
_bSuprema Corte de Justicia
_bILANUD,
_c1990.
300 _a677 p. ;
_c22 cm.
336 _2rdacontent
_atexto
_btxt
337 _2rdamedia
_asin mediación
_bn
338 _2rdacarrier
_avolumen
_bnc
590 _aInventariado, 2023/BT
910 _aBtavárez
942 _2ddc
_cLBS1
999 _c54153
_d54153